Point processes and queing problems /
Saved in:
| Other Authors: | |
|---|---|
| Format: | Book |
| Language: | English |
| Published: |
Amsterdam :
North-Holland,
1981
|
| Edition: | 1.vyd. |
| Series: | Colloquia mathematica societatis János Bolyai
24 |
| Subjects: | |
| Tags: |
No Tags, Be the first to tag this record!
|
MARC
| LEADER | 00000nam a22000003a 4500 | ||
|---|---|---|---|
| 001 | stu7821 | ||
| 005 | 20150617225806.9 | ||
| 008 | 950510s1981----ne------------------eng-d | ||
| 020 | |a 0-444-85432-0 | ||
| 040 | |a STU |b slo | ||
| 041 | 0 | |a eng | |
| 044 | |a ne | ||
| 080 | |a 519.21 | ||
| 080 | |a 061.3(08) | ||
| 100 | 1 | |a Bártfai, P |4 com | |
| 245 | 1 | |a Point processes and queing problems / |c Edit.: Bártfai,P. a kol | |
| 250 | |a 1.vyd. | ||
| 260 | |a Amsterdam : |b North-Holland, |c 1981 | ||
| 300 | |a 426 s | ||
| 650 | 7 | |a teória pravdepodobnosti |2 stusub | |
| 650 | 7 | |a stochastické procesy |2 stusub | |
| 650 | 7 | |a bodové náhodné procesy |2 stusub | |
| 830 | 0 | |a Colloquia mathematica societatis János Bolyai |v 24 | |
| 996 | |b E79802 |c E*79802 |l EE03 |s P |a 0 |w stu7821_0001 | ||